=LDR 00000nam 2200000 4500 =001 INLIS000000000033655 =005 20201221093430 =035 ##$$a 0010-061300000033655 =008 201221################g##########0#ind## =041 ##$$a ind =082 ##$$a 331.7 =090 ##$$a 331.7, Yul,k =100 1#$$a Yuliarti,Nurheti =245 1#$$a Kiat jitu mencari kerja /$c Nurheti Yuliarti ; Penyunting, Azza Grafika =260 ##$$a Yogyakarta :$b Media pressindo,$c 2008 =300 ##$$a viii,131 hlm. : $b ilus. ; $c 21x14 cm =650 #4$$a Karir =700 #$$a Grafika, Azza =850 ##$$a NBPNMAT =020 ##$$a 978-979-788-061-3 =084 ##$$a 331.7 YUL k =250 ##$$a cet.1 =990 ##$$a 21006817 =990 ##$$a 21006815 =990 ##$$a 21006816 =990 ##$$a 16501650 =990 ##$$a 21006818 =990 ##$$a 21006817 =990 ##$$a 21006815 =990 ##$$a 21006816 =990 ##$$a 21006818 =990 ##$$a 21006817 =990 ##$$a 21006815 =990 ##$$a 21006816